000 00709nam a2200229 a 4500
999 _c1047
_d1047
001 1047
003 BD-JhCC
005 20190731182413.0
008 190601s 2008bg |||| ||a| 000 0 ben d
020 _a9844629012
035 _a(BD-JhCC) 1047
040 _aBD-JhCC
_dBD-JhCC
041 _aben
082 _a378.170281
_bMIT 2008
100 _aমিত্র, বিদ্যুৎ
245 _aসঠিক নিয়মে লেখাপড়া /
_cবিদ্যুৎ মিত্র
260 _aঢাকা :
_bপ্রজাপতি,
_c২০১৮.
300 _a৮০ পৃ. :
_c২২ সেমি.
650 _aStudy Skills
942 _2ddc
_cBK